Telekomunikace: obor ve víru změn
Nástup nových technológií v telekomunikačnom priestore. Širokopásmové technológie. Rôznorodosť komunikačných služieb. Úroveň telekomunikačnej infraštruktúry a využívanie telekomunikačných služieb v ČR. IP Telefónia - riešenie hlasovej komunikácie v podnikových sieťach.
Salvato in:
| Natura: | Capitolo di libro |
|---|---|
| Lingua: | ceco |
| Soggetti: | |
| Tags: |
Nessun Tag, puoi essere il primo ad aggiungerne!!
|
MARC
| LEADER | 00000naa a2200000 4500 | ||
|---|---|---|---|
| 001 | r045454 | ||
| 005 | 20231004070540.9 | ||
| 041 | 0 | |a cze | |
| 044 | |a CZ | ||
| 245 | 1 | 0 | |a Telekomunikace: obor ve víru změn |
| 520 | |a Nástup nových technológií v telekomunikačnom priestore. Širokopásmové technológie. Rôznorodosť komunikačných služieb. Úroveň telekomunikačnej infraštruktúry a využívanie telekomunikačných služieb v ČR. IP Telefónia - riešenie hlasovej komunikácie v podnikových sieťach. | ||
| 610 | 2 | 0 | |a telekomunikácie |
| 610 | 2 | 0 | |a technológie informačné |
| 610 | 2 | 0 | |a technológie komunikačné |
| 610 | 2 | 0 | |a technológie nové |
| 610 | 2 | 0 | |a služby |
| 610 | 2 | 0 | |a telefón |
| 610 | 2 | 0 | |a telefónia |